000 01333nam a2200313 a 4500
001 000007273
003 000007273
005 20180226115501.0
008 090907s2001 dr 000 0 spa d
020 _a999348394X
040 _aBPMSU
_bspa
_cBPMSU
092 _a370.92
_bD611s
245 0 4 _aLas discípulas de Salomé Ureña escriben /
_ccompilador Julio Jaime Julia ; cuidado de la edición Tomás Castro Burdiez.
260 _aSanto Domingo :
_bEDUCARTE :
_bSecretaría de Estado de Educación,
_c2001.
300 _a127 p. :
_c22 cm.
505 0 _tMercedes Laura Aguiar (1872-1958) --
_tAnacaona Moscoso (1876-1907) --
_tLeonor M. Feltz (1870-1948) --
_tAna Josefa Puello (1865-1953).
600 1 4 _aUREÑA DE HENRÍQUEZ, SALOMÉ,
_d1850-1897
650 4 _aMUJERES COMO AUTORAS
650 4 _aEDUCACIÓN
_zREPÚBLICA DOMINICANA
_xBIOGRAFÍAS
651 4 _aMUJERES EN REPÚBLICA DOMINICANA
_xBIOGRAFÍAS
700 1 2 _aJulia, Julio Jaime,
_d1922-1993,
_ecomp.
700 1 2 _aCastro Burdiez, Tomás,
_d1959-,
_eed.
710 1 _aFundación para la Educación y el Arte (República Dominicana)
710 2 _aRepública Dominicana.
_bSecretaria de Estado de Educación
910 _aValidado. Control de calidad EMS
942 _2ddc
_cBK
945 _aTítulo remanejado a la BNPHU
956 _aVMATEO
_b10
_c20160508
_lBPMSU
_h0069
999 _c7190
_d7190